आर्य गीत कोश / (Record no. 113129)

MARC details
000 -LEADER
fixed length control field 01093nam a22002657a 4500
003 - CONTROL NUMBER IDENTIFIER
control field dpl
005 - DATE AND TIME OF LATEST TRANSACTION
control field 20190123103117.0
008 - FIXED-LENGTH DATA ELEMENTS--GENERAL INFORMATION
fixed length control field 190123b ||||| |||| 00| 0 eng d
010 ## - LIBRARY OF CONGRESS CONTROL NUMBER
LC control number B-195521
020 ## - INTERNATIONAL STANDARD BOOK NUMBER
Terms of availability 150.00
035 ## - SYSTEM CONTROL NUMBER
System control number B-195521, B-195525
037 ## - SOURCE OF ACQUISITION
Source of stock number/acquisition Cen Lib/Ret
040 ## - CATALOGING SOURCE
Original cataloging agency DPL
Language of cataloging HN
Transcribing agency 0
082 ## - DEWEY DECIMAL CLASSIFICATION NUMBER
Classification number 821
Item number आर्यगी
245 ## - TITLE STATEMENT
Title आर्य गीत कोश /
Statement of responsibility, etc संकलनकर्ता यशपाल शाश्त्री
246 ## - VARYING FORM OF TITLE
Title proper/short title Arya geet kosh /
Remainder of title compiled by Yashpal Shastri
260 ## - PUBLICATION, DISTRIBUTION, ETC. (IMPRINT)
Place of publication, distribution, etc दिल्ली
Name of publisher, distributor, etc आर्य परिवार योजना
Date of publication, distribution, etc 2006
270 ## - ADDRESS
Address 85, बलदेव पार्क ( नज़दीक सनातन धर्म मंदिर )
City दिल्ली
Postal code 110051
300 ## - PHYSICAL DESCRIPTION
Extent 320पृ.
Dimensions 21सेमी (सजिल्द)
650 ## - SUBJECT ADDED ENTRY--TOPICAL TERM
Topical term or geographic name as entry element हिंदी साहित्य
9 (RLIN) 50768
650 ## - SUBJECT ADDED ENTRY--TOPICAL TERM
Topical term or geographic name as entry element हिंदी--काव्य
9 (RLIN) 50769
650 ## - SUBJECT ADDED ENTRY--TOPICAL TERM
Topical term or geographic name as entry element Hindi literature
9 (RLIN) 50770
650 ## - SUBJECT ADDED ENTRY--TOPICAL TERM
Topical term or geographic name as entry element Hindi--Poetry
9 (RLIN) 50771
942 ## - ADDED ENTRY ELEMENTS (KOHA)
Source of classification or shelving scheme Dewey Decimal Classification
Koha item type Hindi Books
Classification part 821
Call number suffix आर्यगी
Holdings
Withdrawn status Lost status Damaged status Not for loan Home library Current library Date acquired Source of acquisition Cost, normal purchase price Total Checkouts Full call number Barcode Date last seen Copy number Cost, replacement price Price effective from Koha item type Source of classification or shelving scheme Collection code
        Central Library Central Library 11/08/2015 Cen Lib/Ret 150.00   821 आर्यगी B-195521 11/08/2015 1 150.00 11/08/2015 Hindi Books    
        Shahdara Branch Shahdara Branch 23/01/2019 BPPD/PUB 150.00   821 आर्यगी B-195525 23/01/2019   150.00 23/01/2019 Hindi Books Dewey Decimal Classification Non-fiction

© Delhi Public Library
Hit Counter
free hit counter